| 000 | 00898nam a2200289Ia 4500 | ||
|---|---|---|---|
| 001 | Para_1795 | ||
| 003 | CHAP | ||
| 008 | 220125s1988 xx 000 0 und d | ||
| 010 | _a200446 | ||
| 040 | _cCHAP | ||
| 082 | _aPA 634.3063 P7 1988 | ||
| 100 |
_aTimmer, L.W. _9113330 |
||
| 245 |
_aProceedings of the tenth conference of the international organization of citrus virologists / _c ed. by L.W. Timmer, S.M. Garnsey and L.Navarro |
||
| 260 |
_aRiverside, Cal. : _b Library of Citrus Virologists |
||
| 300 | _a428 p. | ||
| 650 |
_aCitricos _x congresos _924414 |
||
| 650 |
_aCitricos _x enfermedades por virus _924427 |
||
| 700 | _aGarnsey, S.M. | ||
| 700 |
_aNavarro, L. _980604 |
||
| 901 | _aPA 634.3063 P7 1988 | ||
| 902 | _aA | ||
| 905 | _a0000001988 ai 0000000000 00 | ||
| 910 | _a1988 | ||
| 942 | _cPARA | ||
| 942 |
_cPARA _d1 |
||
| 999 |
_c200446 _d200446 |
||